| 000 | 00465nam a2200169 a 4500 | ||
|---|---|---|---|
| 005 | 20220520110103.0 | ||
| 008 | 010726s1995 es r 000 0 spa d | ||
| 035 | _aUPN01000110112 | ||
| 049 | _aCG | ||
| 050 | 4 |
_aTA1675 _bC3.4 |
|
| 100 | 1 | _aCasalderrey, Manuel-Luis | |
| 245 | 1 | 0 |
_aLáseres, emisores de la luz especial / _cManuel Luis Casalderrey. |
| 260 |
_aMadrid : _bCeleste, _c1995. |
||
| 300 |
_a179 p. : _bil. |
||
| 650 | 2 |
_aLáseres _918176 |
|
| 905 | _aLibro | ||
| 999 |
_c84021 _d84021 |
||